Riesz Spaces II
Saved in:
| Main Author: | |
|---|---|
| Format: | Book |
| Language: | English |
| Published: |
Amsterdam :
North-Holland,
1983
|
| Series: | North-Holland mathematical library ;
; 30 |
| Subjects: | |
| Tags: |
Add Tag
No Tags, Be the first to tag this record!
|
MARC
| LEADER | 00000nam a2200000 i 4500 | ||
|---|---|---|---|
| 001 | 1/33468 | ||
| 008 | 941103s1983 eng d | ||
| 020 | |a 0-444-86626-4 | ||
| 035 | |a 1990 |c ΠΟΛΥΡΑΚΗΣ |l 10039377 | ||
| 035 | |a 1993 | ||
| 040 | |a GR-MY-UA |b gre |e aacr | ||
| 041 | 0 | |a eng | |
| 082 | 0 | |a 515.73 | |
| 100 | 1 | |a Zaanen, Adriaan C. |q (Adriaan Cornelis) |d 1913- | |
| 245 | 1 | 0 | |a Riesz Spaces II / |c A.C. Zaanen |
| 260 | |a Amsterdam : |b North-Holland, |c 1983 | ||
| 300 | |a 720 p.; |c 23 cm. | ||
| 490 | 1 | |a North-Holland mathematical library |v ; 30 | |
| 500 | |a Includes bibliographical references and index | ||
| 650 | 0 | 0 | |a Riesz spaces. |
| 830 | 0 | |a North-Holland mathematical library ; |v ; 30 | |
| 852 | |a INST |b SAMOS |e 19941103 |h 515.73 ZAA |p 005300001312 |q 005300001312 |t BK |y 0 | ||
| 852 | |a INST |b SAMOS |e 19941103 |h 515.73 ZAA |p 005300007913 |q 005300007913 |t BK |y 0 | ||
| 909 | |a Σ |b 016012 | ||
| 909 | |a Σ |b 030210 | ||